AM (Arctic Monkeys) - Statistics

General Stats
  • This quiz has been taken 704 times
  • The average score is 10 of 12
Answer Stats
Answer % Correct
Do I Wanna Know?
96%
R U Mine?
92%
Arabella
89%
I Wanna Be Yours
84%
Knee Socks
83%
Why'd You Only Call Me When You're High?
83%
Fireside
79%
No.1 Party Anthem
79%
Snap Out of It
79%
Mad Sounds
74%
One for the Road
72%
I Want It All
59%
No matching quizzes found
Score Distribution
Percent of People with Each Score
Percentile by Number Answered
Your Score History
You have not taken this quiz